| 000 | 01408cam a2200313 a 4500 | ||
|---|---|---|---|
| 001 | C00628336c-7 | ||
| 003 | CO-ViMGA | ||
| 005 | 20230915224041.0 | ||
| 008 | 030702s1994 sp a jr 00011 spa d | ||
| 020 | _a8426103839 (Cartoné) | ||
| 040 |
_aCO-ViMGA _bspa _cCO-ViMGA |
||
| 041 | 1 | _hfre | |
| 043 | _ae-fr--- | ||
| 082 | 0 | 4 |
_aHERa _b |
| 100 | 0 |
_aHergé, _d1907-1983. _910444 |
|
| 245 | 1 | 4 |
_aLas joyas de la castafiore / _cHergé ; traducción del francés de Concepción Zendrera. |
| 250 | _a15a. ed. | ||
| 260 |
_aBarcelona : _bEditorial Juventud, _c1994. |
||
| 300 |
_a62 p. : _bil. ; _c30 cm. |
||
| 520 | 3 | _aHabiendo viajado a la luna, adquirido un fabuloso tesoro y viajado al Tibet, poco le quedaría por hacer a Tintin. Y de hecho, en Las Joyas de la Castafiore, ni él ni los demás protagonistas hacen gran cosa. Comedia de enredos absolutamente lograda, supone la obra de madurez de Hergé, que en lugar de repetirse, opta por parodiar todos los clichés de las novelas de suspenso a lo Agatha Cristie. | |
| 650 | 1 | 4 |
_aHistorias de aventuras. _9837 |
| 650 | 1 | 4 |
_aTiras cómicas, historietas, etc. _92479 |
| 650 | 4 |
_aCaricaturas. _911568 |
|
| 650 | 4 |
_aDetectives _x Tiras cómicas, historietas, etc. _911676 |
|
| 650 | 4 |
_aJoyas _x Tiras cómicas, historietas, etc. _911675 |
|
| 650 | 4 |
_aNovela gráfica. _92494 |
|
| 700 | 1 |
_aZendrera, Concepción, _etr. _911677 |
|
| 942 |
_2ddc _cBK |
||
| 999 |
_c11251 _d11251 |
||